[Event "London Classic Open 2016"]
[Site "London ENG"]
[Date "2016.12.11"]
[Round "4.12"]
[White "Cherniaev, Alexander"]
[Black "Cornette, Matthieu"]
[Result "0-1"]
[WhiteTitle "GM"]
[BlackTitle "GM"]
[WhiteElo "2439"]
[BlackElo "2597"]
[WhiteFideId "4117301"]
[BlackFideId "620084"]
[EventDate "2016.12.09"]

1. Nf3 Nf6 2. c4 g6 3. g3 Bg7 4. Bg2 O-O 5. O-O d6 6. d4 Nc6 7. d5 Na5 8. Nfd2
c6 9. Na3 c5 10. Rb1 e6 11. h3 exd5 12. cxd5 Re8 13. e4 b6 14. b3 Ba6 15. Nac4
b5 16. Ne3 b4 17. Nec4 Nxc4 18. bxc4 Qa5 19. Qb3 Nd7 20. Bb2 Bc3 21. Qc2 Qxa2
22. Qc1 Bxb2 23. Rxb2 Qa3 24. Qa1 Qxa1 25. Rxa1 Bc8 26. Rba2 a6 27. Nb3 Nb6 28.
Na5 f5 29. exf5 Bxf5 30. Bf1 Ra7 31. Nc6 Rb7 32. Rxa6 Bc2 33. R6a2 b3 34. Rb2
Ra8 35. Ra5 Rxa5 36. Nxa5 Na4 0-1

[Event "London Classic Open 2016"]
[Site "London ENG"]
[Date "2016.12.11"]
[Round "4.13"]
[White "Daulyte, Deimante"]
[Black "Hawkins, Jonathan"]
[Result "1-0"]
[WhiteTitle "IM"]
[BlackTitle "GM"]
[WhiteElo "2429"]
[BlackElo "2590"]
[WhiteFideId "12802859"]
[BlackFideId "412686"]
[EventDate "2016.12.09"]

1. e4 c6 2. d4 d5 3. e5 c5 4. dxc5 Nc6 5. a3 e6 6. Nf3 f6 7. exf6 Nxf6 8. b4 Be7
9. Bb2 O-O 10. Bb5 a5 11. O-O Qc7 12. Nbd2 b6 13. cxb6 Qxb6 14. Bxc6 Qxc6 15.
bxa5 Rxa5 16. Re1 Qa6 17. Qe2 Qxe2 18. Rxe2 Nh5 19. Ree1 Nf4 20. g3 Ng6 21. h4
Bd6 22. h5 Ne7 23. Nd4 e5 24. N4b3 Ra6 25. Bxe5 Bxa3 26. Rxa3 Rxa3 27. Bd6 Ra6
28. Bxe7 Re8 29. Re3 Kf7 30. Bg5 h6 31. Rxe8 Kxe8 32. Be3 Bg4 33. Nd4 Kf7 34.
N2f3 Kf6 35. Kg2 Bxh5 36. Nb3 Ra2 37. Bd4+ Kg6 38. Ne5+ Kh7 39. g4 Be8 40. c3 g5
41. Nc5 Bb5 42. Ncd7 Bxd7 43. Nxd7 Ra5 44. Nf6+ Kg6 45. Kf3 Kf7 46. Ke3 Rb5 47.
Nh5 Kg6 48. Nf6 Kf7 49. f4 Ra5 50. f5 Rb5 51. Be5 1-0

[Event "London Classic Open 2016"]
[Site "London ENG"]
[Date "2016.12.11"]
[Round "4.14"]
[White "Lenderman, Aleksandr"]
[Black "Williams, Simon K"]
[Result "1-0"]
[WhiteTitle "GM"]
[BlackTitle "GM"]
[WhiteElo "2581"]
[BlackElo "2443"]
[WhiteFideId "2021285"]
[BlackFideId "404454"]
[EventDate "2016.12.09"]

1. Nf3 d5 2. g3 Nc6 3. d4 Bf5 4. Bg2 e6 5. c3 h5 6. Qb3 Rb8 7. Nbd2 Be7 8. Ne5
Nf6 9. Nxc6 bxc6 10. Qa4 O-O 11. b4 a5 12. bxa5 c5 13. Ba3 cxd4 14. cxd4 Bxa3
15. Qxa3 Ne4 16. Nb3 Qd6 17. Qxd6 cxd6 18. Bxe4 Bxe4 19. f3 Bg6 20. Kd2 Rfc8 21.
Rhc1 Rc4 22. Rxc4 dxc4 23. Kc3 cxb3 24. axb3 f5 25. a6 Be8 26. a7 Ra8 27. Ra6 e5
28. dxe5 dxe5 29. Kb4 Bf7 30. Ra5 e4 31. fxe4 fxe4 32. e3 h4 33. gxh4 Kh7 34.
Kc5 Bxb3 35. Kb6 g6 36. Kb7 Re8 37. a8=Q Rxa8 38. Kxa8 Be6 39. Rg5 1-0

[Event "London Classic Open 2016"]
[Site "London ENG"]
[Date "2016.12.11"]
[Round "4.15"]
[White "Cox, John J"]
[Black "Moussard, Jules"]
[Result "1/2-1/2"]
[WhiteTitle "IM"]
[BlackTitle "GM"]
[WhiteElo "2320"]
[BlackElo "2571"]
[WhiteFideId "401064"]
[BlackFideId "642908"]
[EventDate "2016.12.09"]

1. c4 Nf6 2. g3 e5 3. Bg2 d5 4. cxd5 Nxd5 5. Nc3 Nb6 6. Nf3 Nc6 7. O-O Be7 8.
Rb1 f6 9. a3 Be6 10. b4 O-O 11. d3 Nd4 12. Nxd4 exd4 13. Ne4 Bd5 14. Bb2 f5 15.
Nc5 Bxg2 16. Kxg2 Qd5+ 17. Kg1 Bxc5 18. bxc5 Qxc5 19. Qb3+ Rf7 20. Rbc1 Qd6 21.
e3 dxe3 22. fxe3 Qd5 23. Qxd5 Nxd5 24. e4 Nb6 25. Rxf5 Rxf5 26. exf5 c6 27. f6
gxf6 28. Bxf6 Kf7 29. Bd4 Rd8 30. Bxb6 axb6 31. Rc3 Ke6 32. Kf2 Kd5 33. a4 c5
34. Rc4 Kc6 35. Ke3 b5 36. axb5+ Kxb5 37. Rh4 Rd7 38. Kd2 Ka5 39. Kc3 b5 40. Rh6
Rf7 41. Rh5 Ka4 42. Rxc5 b4+ 43. Kb2 Rf3 44. Rc7 h6 45. Ra7+ Kb5 46. Ra8 Rxd3
47. Rb8+ Kc4 48. Rc8+ Kd4 49. Rd8+ Ke4 50. Rxd3 Kxd3 51. g4 Ke4 52. h4 Kf4 53.
g5 hxg5 54. hxg5 Kxg5 55. Kb3 Kh6 56. Kxb4 1/2-1/2

[Event "London Classic Open 2016"]
[Site "London ENG"]
[Date "2016.12.11"]
[Round "4.16"]
[White "Blomqvist, Erik"]
[Black "Nasuta, Grzegorz"]
[Result "1-0"]
[WhiteTitle "GM"]
[BlackTitle "IM"]
[WhiteElo "2567"]
[BlackElo "2448"]
[WhiteFideId "1709437"]
[BlackFideId "1141686"]
[EventDate "2016.12.09"]

1. e4 c5 2. Nf3 d6 3. d4 cxd4 4. Nxd4 Nf6 5. Nc3 a6 6. h3 e6 7. g4 Nfd7 8. g5 b5
9. a3 Bb7 10. h4 Nc6 11. Be3 Rc8 12. Nxc6 Rxc6 13. Qd4 Ne5 14. O-O-O Nc4 15. Rh3
Qc7 16. Bd2 Nxd2 17. Rxd2 Qb6 18. Qd3 g6 19. e5 Rc7 20. exd6 Rd7 21. Nxb5 axb5
22. Qxb5 Qxb5 23. Bxb5 Kd8 24. Bxd7 Kxd7 25. Rb3 Bc6 26. Rb8 Bg7 27. Rxh8 Bxh8
28. c4 Be5 29. b4 Bf4 30. b5 Be4 31. c5 Bd5 32. a4 h6 33. a5 hxg5 34. hxg5 Bxg5
35. a6 Bxd2+ 36. Kxd2 Ba8 37. Kc3 g5 38. Kb4 g4 39. b6 Kc6 40. b7 Bxb7 41. axb7
Kxb7 42. Kb5 f5 43. c6+ Kc8 44. Kb6 f4 45. c7 Kd7 46. Kb7 1-0

[Event "London Classic Open 2016"]
[Site "London ENG"]
[Date "2016.12.11"]
[Round "4.17"]
[White "Svane, Rasmus"]
[Black "Pert, Richard G"]
[Result "1-0"]
[WhiteTitle "GM"]
[BlackTitle "IM"]
[WhiteElo "2555"]
[BlackElo "2423"]
[WhiteFideId "4657101"]
[BlackFideId "404748"]
[EventDate "2016.12.09"]

1. d4 d5 2. c4 e6 3. Nf3 Nf6 4. Nc3 Bb4 5. Qa4+ Nc6 6. e3 O-O 7. Bd2 dxc4 8.
Bxc4 Bd6 9. Qc2 a6 10. a3 e5 11. dxe5 Bxe5 12. Nxe5 Nxe5 13. Be2 b5 14. e4 Nc6
15. Be3 Nd4 16. Qd3 Nxe2 17. Qxd8 Rxd8 18. Kxe2 Be6 19. Rhd1 a5 20. f3 h6 21.
Kf2 c6 22. Ne2 Nd7 23. Nd4 Ne5 24. Nxe6 fxe6 25. Rxd8+ Rxd8 26. a4 b4 27. Ke2
Nc4 28. b3 Nxe3 29. Kxe3 c5 30. Rc1 Rc8 31. Kd3 Rd8+ 32. Kc4 Kf7 33. Rc2 Ke7 34.
Re2 Rd1 35. Kxc5 Rb1 36. Kb5 Rxb3 37. Kxa5 Kd6 38. Kb5 Rb1 39. Rd2+ Kc7 40. Rc2+
Kb7 41. a5 b3 42. a6+ Kb8 43. Rc3 b2 44. Rc2 Ka7 45. Rd2 g6 46. Rd7+ Kb8 47. a7+
Ka8 48. Kb6 1-0

[Event "London Classic Open 2016"]
[Site "London ENG"]
[Date "2016.12.11"]
[Round "4.18"]
[White "Battaglini, Gabriel"]
[Black "Libiszewski, Fabien"]
[Result "1/2-1/2"]
[WhiteTitle "IM"]
[BlackTitle "GM"]
[WhiteElo "2426"]
[BlackElo "2547"]
[WhiteFideId "621650"]
[BlackFideId "616834"]
[EventDate "2016.12.09"]

1. d4 d6 2. e4 Nf6 3. Nc3 g6 4. f4 Bg7 5. Nf3 O-O 6. e5 dxe5 7. fxe5 Nd5 8. Bc4
Be6 9. Qe2 Nxc3 10. bxc3 Bxc4 11. Qxc4 Nd7 12. O-O Nb6 13. Qb3 Qd5 14. Rb1 Qxb3
15. Rxb3 f6 16. e6 Rab8 17. Bf4 Nd5 18. Bg3 b5 19. Rfb1 Rb6 20. Rxb5 Nxc3 21.
Rxb6 cxb6 22. Rb3 Rc8 23. Bb8 Ne2+ 24. Kf1 Nc1 25. Rb1 Rxb8 26. Rxc1 Bh6 27. Rd1
Rc8 28. d5 Bf4 29. Nd4 Bxh2 30. Nc6 Bd6 31. Ke2 Kg7 32. Kd3 a5 33. Kc4 f5 34.
Kb5 Bc5 35. Ka6 1/2-1/2

[Event "London Classic Open 2016"]
[Site "London ENG"]
[Date "2016.12.11"]
[Round "4.19"]
[White "Sadzikowski, Daniel"]
[Black "Martins, David Pires Tavares"]
[Result "1/2-1/2"]
[WhiteTitle "IM"]
[BlackTitle "FM"]
[WhiteElo "2547"]
[BlackElo "2382"]
[WhiteFideId "1132253"]
[BlackFideId "1909991"]
[EventDate "2016.12.09"]

1. Nf3 e6 2. c4 f5 3. g3 Nf6 4. Bg2 g6 5. O-O Bg7 6. d4 d6 7. Nc3 O-O 8. Re1 Nc6
9. e4 Nxe4 10. Nxe4 fxe4 11. Rxe4 d5 12. Re2 dxc4 13. Bg5 Bf6 14. Bxf6 Qxf6 15.
Ne5 Rd8 16. Nxc6 bxc6 17. Qa4 Qxd4 18. Qxc6 Bd7 19. Qxc7 Rac8 20. Qa5 c3 21.
bxc3 Qxc3 22. Qxc3 Rxc3 23. Rd1 Kf7 24. Bh3 Bb5 25. Bxe6+ Kf6 26. Rxd8 Bxe2 27.
Rc8 Rxc8 28. Bxc8 Bf3 29. Bh3 Ke5 30. Bg2 Bg4 31. f4+ Kd4 32. Kf2 a5 33. Bc6 Kc5
34. Be8 Kb4 35. Ke3 Ka3 36. Bf7 a4 37. Kd2 Kb2 38. Be8 a3 39. Bf7 Bf5 40. Bg8 h5
41. Bf7 Bb1 42. Be6 Bf5 43. Bd5 Bb1 44. h3 Bf5 45. Bf7 Bb1 46. g4 hxg4 47. hxg4
Bxa2 48. Bxa2 Kxa2 49. Kc2 g5 50. fxg5 Ka1 51. g6 a2 52. Kd3 Kb2 53. g7 a1=Q 54.
g8=Q Qd1+ 55. Ke3 Qe1+ 56. Kf4 Qd2+ 57. Kf5 Qd3+ 58. Kg5 Qe3+ 59. Kg6 Qd3+ 60.
Kg7 Qc3+ 61. Kh6 Qh3+ 62. Kg5 Qe3+ 63. Kf5 Qd3+ 64. Ke5 Qc3+ 65. Kd6 Qa3+ 66.
Kd7 Qa7+ 67. Ke8 Qa8+ 68. Kf7 Qd5+ 69. Kg7 Qg5+ 70. Kf8 Qd8+ 1/2-1/2

[Event "London Classic Open 2016"]
[Site "London ENG"]
[Date "2016.12.11"]
[Round "4.20"]
[White "Tarhon, Brian"]
[Black "Bellahcene, Bilel"]
[Result "1/2-1/2"]
[WhiteTitle "FM"]
[BlackTitle "IM"]
[WhiteElo "2299"]
[BlackElo "2496"]
[WhiteFideId "423190"]
[BlackFideId "696358"]
[EventDate "2016.12.09"]

1. e4 c5 2. Nf3 d6 3. d4 cxd4 4. Nxd4 Nf6 5. Nc3 a6 6. Be3 e5 7. Nb3 Be6 8. Be2
Be7 9. O-O O-O 10. Qd3 Nc6 11. a3 d5 12. exd5 Nxd5 13. Nxd5 Qxd5 14. Rad1 Qxd3
15. Bxd3 f5 16. Nc5 Bxc5 17. Bxc5 Rfe8 18. f3 Kf7 19. Rfe1 Kf6 20. Kf2 Rac8 21.
b4 g5 22. g3 h6 23. f4 e4 24. Be2 Ne7 25. c4 Ng6 26. Ke3 gxf4+ 27. gxf4 Nh4 28.
Rg1 Rg8 29. Bd4+ Ke7 30. Bc5+ Kf6 31. Bd4+ Ke7 32. Bc5+ Kf6 33. Bd4+ 1/2-1/2

[Event "London Classic Open 2016"]
[Site "London ENG"]
[Date "2016.12.11"]
[Round "4.21"]
[White "Karthikeyan, P."]
[Black "Buckley, Graeme N"]
[Result "1-0"]
[WhiteTitle "IM"]
[BlackTitle "IM"]
[WhiteElo "2474"]
[BlackElo "2342"]
[WhiteFideId "5018226"]
[BlackFideId "402265"]
[EventDate "2016.12.09"]

1. Nf3 e6 2. c4 b6 3. g3 Bb7 4. Bg2 c5 5. Nc3 Nf6 6. O-O d6 7. Re1 Be7 8. e4 a6
9. d4 cxd4 10. Nxd4 Qc7 11. Be3 Nbd7 12. f4 O-O 13. Rc1 Rac8 14. f5 e5 15. Nb3
Qb8 16. Qe2 Qa8 17. Bf2 Rc7 18. g4 h6 19. h4 Nh7 20. Nd2 b5 21. Kh2 Rfc8 22. b3
bxc4 23. Nxc4 Qb8 24. Rcd1 Ndf6 25. Na4 Bc6 26. Nab6 Rd8 27. a4 Rb7 28. a5 Bb5
29. Kh1 Rc7 30. Bf3 g5 31. fxg6 fxg6 32. g5 hxg5 33. Rg1 Bc6 34. hxg5 Nd7 35.
Nxd6 Rf8 36. Be3 Kg7 37. Rg3 Nxb6 38. axb6 Rd7 39. Nc4 Rxd1+ 40. Qxd1 Bb4 41.
Nxe5 Rd8 42. Qa1 Kg8 43. Rh3 Qc8 44. Rh6 Bb7 45. Rxg6+ Kf8 46. Nd7+ Ke8 47. Rg8+
Bf8 48. Bh5+ Kxd7 49. Bg4+ Ke7 50. Bxc8 Rxc8 51. g6 Bxe4+ 52. Kg1 Nf6 53. Qd1 1-0

[Event "London Classic Open 2016"]
[Site "London ENG"]
[Date "2016.12.11"]
[Round "4.22"]
[White "Paszewski, Mateusz"]
[Black "Hebden, Mark L"]
[Result "0-1"]
[BlackTitle "GM"]
[WhiteElo "2281"]
[BlackElo "2492"]
[WhiteFideId "1141058"]
[BlackFideId "400084"]
[EventDate "2016.12.09"]

1. c4 g6 2. g3 Bg7 3. Bg2 Nf6 4. Nc3 O-O 5. d3 d6 6. Bg5 c5 7. Qd2 Nc6 8. Bh6
Bxh6 9. Qxh6 Nd4 10. Qd2 e5 11. e3 Nc6 12. Nge2 Be6 13. O-O d5 14. cxd5 Nxd5 15.
Rfd1 Rc8 16. Rac1 b6 17. Qc2 Qd7 18. Qa4 Rfd8 19. Qh4 Qe7 20. Qa4 Ncb4 21. a3
Nxc3 22. Rxc3 Nd5 23. Rcc1 Rc7 24. Nc3 Nxc3 25. bxc3 Rcd7 26. Qc2 Bf5 27. e4 Be6
28. c4 Rd4 29. Bf1 h5 30. Be2 h4 31. Qc3 Kg7 32. Qe1 Qg5 33. f3 hxg3 34. Qxg3
Qe3+ 35. Qf2 Qh6 36. Qg3 f6 37. Kf2 Rh8 38. Rh1 Bh3 39. Rcd1 Kf7 40. Rhg1 Bd7
41. Rh1 Ba4 42. Rc1 Qd2 43. Rhg1 g5 0-1

[Event "London Classic Open 2016"]
[Site "London ENG"]
[Date "2016.12.11"]
[Round "4.23"]
[White "Gupta, Abhijeet"]
[Black "Boel, Marcel"]
[Result "1-0"]
[WhiteTitle "GM"]
[WhiteElo "2634"]
[BlackElo "2219"]
[WhiteFideId "5010608"]
[BlackFideId "1008870"]
[EventDate "2016.12.09"]

1. d4 Nf6 2. c4 e6 3. Nf3 d5 4. Nc3 Be7 5. Bf4 O-O 6. e3 Nbd7 7. Be2 dxc4 8. O-O
c5 9. dxc5 Nxc5 10. Bxc4 Qa5 11. Qc2 a6 12. a3 Ncd7 13. Bd3 b5 14. Ne4 Bb7 15.
Bc7 1-0

[Event "London Classic Open 2016"]
[Site "London ENG"]
[Date "2016.12.11"]
[Round "4.24"]
[White "Fodor, Tamas Jr."]
[Black "Willmoth, Robert F"]
[Result "1-0"]
[WhiteTitle "GM"]
[BlackTitle "CM"]
[WhiteElo "2494"]
[BlackElo "2216"]
[WhiteFideId "723762"]
[BlackFideId "402540"]
[EventDate "2016.12.09"]

1. d4 d6 2. e4 Nf6 3. Nc3 c6 4. Nf3 Bg4 5. h3 Bh5 6. Qe2 Bxf3 7. Qxf3 Nbd7 8. g4
e5 9. dxe5 Nxe5 10. Qe2 Be7 11. Be3 b5 12. g5 Nfd7 13. f4 Nc4 14. Bd4 O-O 15. b3
Ncb6 16. Qd2 Re8 17. Bg2 d5 18. O-O b4 19. Ne2 dxe4 20. Bxe4 Qc7 21. Ng3 Rad8
22. Qg2 Nd5 23. Qf2 Nc3 24. Bd3 c5 25. Bxg7 Kxg7 26. Nf5+ Kh8 27. Qh4 Ne2+ 28.
Kh2 Nxf4 29. Rxf4 Nf8 30. Nxe7 Rxd3 31. cxd3 Rxe7 32. Qg3 Re2+ 33. Kg1 Qe5 34.
Raf1 Re3 35. Qg2 Rxd3 36. Kh1 Qe6 37. R4f3 Rd7 38. Rf6 Qe8 39. Qc6 Qe3 40. R6f3
Qxg5 41. Rxf7 Rxf7 42. Rxf7 Qc1+ 43. Kh2 Qd2+ 44. Qg2 Qd6+ 45. Qg3 Qd2+ 46. Rf2
Qd8 47. Qe5+ Kg8 48. Qxc5 Qb8+ 49. Kg1 Ng6 50. Qd5+ Kg7 51. Rf7+ Kh8 52. Qd4+
Ne5 53. Rf5 1-0

[Event "London Classic Open 2016"]
[Site "London ENG"]
[Date "2016.12.11"]
[Round "4.25"]
[White "Adair, James R"]
[Black "Czajkowski, Adam"]
[Result "1-0"]
[WhiteTitle "IM"]
[WhiteElo "2489"]
[BlackElo "2212"]
[WhiteFideId "406252"]
[BlackFideId "1151932"]
[EventDate "2016.12.09"]

1. e4 c5 2. Nf3 e6 3. d4 cxd4 4. Nxd4 a6 5. Bd3 Qc7 6. O-O Nf6 7. Qe2 d6 8. f4
g6 9. f5 Bg7 10. Bg5 O-O 11. Nd2 Nc6 12. Nxc6 bxc6 13. e5 dxe5 14. fxg6 fxg6 15.
Rf2 Bd7 16. g3 e4 17. Bxe4 Qb6 18. Nc4 Qb5 19. Bxf6 Bxf6 20. Rd1 Rad8 21. a4 Qb8
22. Qg4 Kg7 23. Kg2 c5 24. Rd6 Bxa4 25. Rb6 Qc8 26. Rb7+ Rd7 27. Nb6 Qe8 28.
Nxa4 1-0

[Event "London Classic Open 2016"]
[Site "London ENG"]
[Date "2016.12.11"]
[Round "4.26"]
[White "Cordes, Hans-Joerg"]
[Black "Bellaiche, Anthony"]
[Result "0-1"]
[WhiteTitle "FM"]
[BlackTitle "IM"]
[WhiteElo "2259"]
[BlackElo "2472"]
[WhiteFideId "4602234"]
[BlackFideId "615668"]
[EventDate "2016.12.09"]

1. d4 d5 2. c4 c6 3. cxd5 cxd5 4. Nc3 Nf6 5. Bf4 Nc6 6. e3 Bg4 7. Qb3 Na5 8.
Qa4+ Bd7 9. Qc2 e6 10. Nf3 Be7 11. Bd3 Rc8 12. Ne5 Nc4 13. O-O Nh5 14. Nxd7 Qxd7
15. Be5 f6 16. Qe2 g6 17. g4 fxe5 18. gxh5 a6 19. hxg6 hxg6 20. b3 Nb6 21. Rac1
Ba3 22. Bxg6+ Kd8 23. Qg4 Bxc1 24. Rxc1 exd4 25. exd4 Qg7 26. h4 Qh6 27. Re1
Qxh4 0-1

[Event "London Classic Open 2016"]
[Site "London ENG"]
[Date "2016.12.11"]
[Round "4.27"]
[White "Nandhidhaa, PV"]
[Black "Zhou, Yang-Fan"]
[Result "1/2-1/2"]
[WhiteTitle "WIM"]
[BlackTitle "IM"]
[WhiteElo "2251"]
[BlackElo "2470"]
[WhiteFideId "5050847"]
[BlackFideId "468584"]
[EventDate "2016.12.09"]

1. e4 c5 2. b3 Nc6 3. Bb2 Nf6 4. Nc3 g6 5. Nf3 Bg7 6. Qe2 O-O 7. O-O-O e5 8. Nd5
d6 9. Nxf6+ Bxf6 10. Qe3 Nd4 11. c3 Nxf3 12. Qxf3 Be6 13. c4 Bg7 14. Qc3 b5 15.
cxb5 a6 16. bxa6 Qb6 17. Kb1 Rfb8 18. Rc1 Bc8 19. Rc2 Bxa6 20. Bc4 Qa7 21. Bxa6
Qxa6 22. Ba1 Rb4 23. d3 Rab8 24. Qd2 Ra4 25. Bc3 d5 26. exd5 Qd6 27. Bb2 Raa8
28. Qe3 Qxd5 29. Rxc5 Qxg2 30. Rhc1 Qb7 31. R1c2 Qa6 32. Bc3 e4 33. Bxg7 exd3
34. Rd2 Kxg7 35. Qxd3 Qe6 36. Qd5 Qe1+ 37. Rc1 Qe7 38. Qd7 Qe4+ 39. Qd3 Qe7 40.
Re2 Qa7 41. Qc3+ 1/2-1/2

[Event "London Classic Open 2016"]
[Site "London ENG"]
[Date "2016.12.11"]
[Round "4.28"]
[White "Rydstrom, Tom"]
[Black "Wells, Peter K"]
[Result "0-1"]
[WhiteTitle "FM"]
[BlackTitle "GM"]
[WhiteElo "2239"]
[BlackElo "2431"]
[WhiteFideId "1714830"]
[BlackFideId "400327"]
[EventDate "2016.12.09"]

1. e4 e5 2. Nf3 Nc6 3. Bb5 a6 4. Ba4 Nf6 5. d3 d6 6. c3 g6 7. O-O Bg7 8. d4 O-O
9. Re1 b5 10. Bb3 exd4 11. cxd4 Bg4 12. Nc3 Nd7 13. Be3 Bxf3 14. gxf3 Na5 15. a4
b4 16. Nd5 c5 17. Ba2 b3 18. Bxb3 cxd4 19. Bf4 Rb8 20. Ba2 Rxb2 21. Bxd6 Ne5 22.
Be7 Qc8 23. Kg2 Re8 24. Bf6 Nac6 25. Re2 Nxf3 26. Rxb2 Qg4+ 27. Kh1 Qh3 28. Qxf3
Qxf3+ 0-1

[Event "London Classic Open 2016"]
[Site "London ENG"]
[Date "2016.12.11"]
[Round "4.29"]
[White "Stigar, Petter"]
[Black "Flear, Glenn C"]
[Result "1/2-1/2"]
[WhiteTitle "FM"]
[BlackTitle "GM"]
[WhiteElo "2236"]
[BlackElo "2428"]
[WhiteFideId "1500341"]
[BlackFideId "400165"]
[EventDate "2016.12.09"]

1. d4 d5 2. Bf4 Nf6 3. e3 c5 4. c3 Nc6 5. Nd2 Bf5 6. Ngf3 Qb6 7. Nh4 Bd7 8. Qb3
c4 9. Qc2 Nh5 10. Bg3 g6 11. Be2 Nxg3 12. hxg3 Bg7 13. e4 e6 14. Nf1 Qa5 15. Nd2
b5 16. e5 b4 17. g4 Rb8 18. f4 bxc3 19. bxc3 Ne7 20. a4 h6 21. Rh3 Kd8 22. Bd1
Kc7 23. Rb1 Rxb1 24. Qxb1 g5 25. f5 gxh4 26. f6 Bf8 27. fxe7 Bxe7 28. Qc2 Bg5
29. Nf3 Rb8 30. Nxg5 hxg5 31. Qc1 Rg8 32. Rf3 Be8 33. Qa3 Kc8 34. Rf2 Qc7 35. a5
Bc6 36. Qc5 Kb8 37. a6 Rc8 38. Rb2+ Ka8 39. Rf2 Be8 40. Qa3 Qc6 41. Rb2 Rb8 42.
Rxb8+ Kxb8 43. Qe7 Qd7 44. Qxg5 Kc7 45. Qc1 Kb6 46. Qa3 Qb5 47. Kd2 Qc6 1/2-1/2

[Event "London Classic Open 2016"]
[Site "London ENG"]
[Date "2016.12.11"]
[Round "4.30"]
[White "Raghunandan, Kaumandur Srihari"]
[Black "Gaudeau, Valentin"]
[Result "1-0"]
[WhiteTitle "IM"]
[WhiteElo "2423"]
[BlackElo "2182"]
[WhiteFideId "25004964"]
[BlackFideId "662216"]
[EventDate "2016.12.09"]

1. d4 f5 2. c4 Nf6 3. Nc3 d6 4. Bg5 Nbd7 5. Qc2 g6 6. Nh3 Bg7 7. Nf4 Nf8 8.
O-O-O c6 9. e3 Ne6 10. Nxe6 Bxe6 11. h4 Qa5 12. Bd3 Bf7 13. a3 e5 14. dxe5 dxe5
15. Bxf5 gxf5 16. Qxf5 O-O 17. Bxf6 Bxc4 18. Qg4 Rxf6 19. Qxc4+ Kh8 20. Ne4 Rff8
21. Ng5 e4 22. Nf7+ Rxf7 23. Qxf7 Qc5+ 24. Kb1 Rf8 25. Qb3 h6 26. Rd2 Qe5 27.
Rhd1 Qf6 28. Qxb7 Rf7 29. Rd8+ Kh7 30. R8d7 Qd8 31. Qxc6 Rxd7 32. Rxd7 Qxh4 33.
g3 Qg4 34. Re7 Kg8 35. Qe6+ 1-0

[Event "London Classic Open 2016"]
[Site "London ENG"]
[Date "2016.12.11"]
[Round "4.31"]
[White "Aradhya, Garg"]
[Black "Eggleston, David J"]
[Result "1-0"]
[BlackTitle "IM"]
[WhiteElo "2231"]
[BlackElo "2399"]
[WhiteFideId "25006746"]
[BlackFideId "412120"]
[EventDate "2016.12.09"]

1. d4 Nf6 2. Nf3 e6 3. c4 b6 4. a3 Bb7 5. Nc3 d5 6. cxd5 exd5 7. g3 Be7 8. Bg2
O-O 9. O-O Nbd7 10. Bf4 c5 11. dxc5 Nxc5 12. Nd4 Nfe4 13. Nxe4 Nxe4 14. Rc1 Rc8
15. Rxc8 Qxc8 16. Qa4 Bf6 17. Rc1 Nc5 18. Qd1 Qd7 19. Be3 Re8 20. h3 Be5 21. g4
g6 22. Rc2 Bg7 23. Bf4 Qa4 24. e3 h6 25. Rd2 Qxd1+ 26. Rxd1 Ne6 27. Nxe6 fxe6
28. e4 e5 29. Bd2 d4 30. Rc1 Re7 31. f3 Rd7 32. Bf1 d3 33. b4 Bf6 34. a4 a5 35.
bxa5 bxa5 36. Rc3 Rd4 37. Rxd3 Rxa4 38. Rb3 Rd4 39. Bxa5 Ra4 40. Bc7 Ba8 41. Rb5
Bg5 42. Bxe5 Be3+ 43. Kg2 Ra2+ 44. Kg3 Bf2+ 45. Kf4 Ra4 46. Rb2 g5+ 47. Kf5 Ra7
48. Ra2 Rxa2 49. Bc4+ Kh7 50. Bxa2 Bc6 51. Kf6 Bb6 52. Kf7 h5 53. Be6 hxg4 54.
hxg4 1-0

[Event "London Classic Open 2016"]
[Site "London ENG"]
[Date "2016.12.11"]
[Round "4.32"]
[White "Houska, Jovanka"]
[Black "Kalavannan, Koby"]
[Result "1-0"]
[WhiteTitle "IM"]
[WhiteElo "2397"]
[BlackElo "2163"]
[WhiteFideId "405094"]
[BlackFideId "425753"]
[EventDate "2016.12.09"]

1. d4 Nf6 2. Nf3 g6 3. c4 Bg7 4. g3 O-O 5. Bg2 d6 6. O-O Nc6 7. Nc3 Bf5 8. Ne1
Qd7 9. e4 Bh3 10. Nc2 Bxg2 11. Kxg2 Rfe8 12. f3 e5 13. d5 Nd4 14. Be3 Nxc2 15.
Qxc2 c6 16. dxc6 bxc6 17. Rfd1 Rad8 18. Qa4 Qb7 19. b3 Re7 20. Rac1 Red7 21. Rc2
h6 22. Rcd2 Bf8 23. a3 a5 24. Rd3 Ra8 25. g4 Qc8 26. Bf2 Ra6 27. h3 Kg7 28. R1d2
Kg8 29. Bh4 Ne8 30. c5 Nc7 31. Bf2 Ne6 32. Be3 Kg7 33. Qc4 Rd8 34. Na4 Nc7 35.
cxd6 Nb5 36. d7 Qc7 37. Nc5 Ra7 38. a4 Nd6 39. Qc3 Nb7 40. h4 Kg8 41. Bf2 Qb8
42. Rd1 Ra8 43. Nxb7 Qxb7 44. Qxe5 1-0

[Event "London Classic Open 2016"]
[Site "London ENG"]
[Date "2016.12.11"]
[Round "4.33"]
[White "Grant, Jonathan I M"]
[Black "Grafl, Florian"]
[Result "0-1"]
[BlackTitle "IM"]
[WhiteElo "2218"]
[BlackElo "2394"]
[WhiteFideId "2400294"]
[BlackFideId "4645715"]
[EventDate "2016.12.09"]

1. c4 g5 2. Nc3 Bg7 3. g3 Nc6 4. Bg2 d6 5. d3 e5 6. e4 Nd4 7. Nce2 Ne6 8. Nf3 g4
9. Nh4 Ne7 10. Be3 c5 11. h3 h5 12. a3 Nd4 13. Nxd4 cxd4 14. Bg5 f6 15. Bd2 Qb6
16. b4 Bd7 17. a4 a5 18. bxa5 Qc7 19. Rb1 Bh6 20. Nf5 Nxf5 21. exf5 Bc6 22. Kf1
Bxg2+ 23. Kxg2 Qc6+ 24. Kg1 Bxd2 25. Qxd2 h4 26. hxg4 h3 27. Rh2 Qf3 28. Qd1
Qxd1+ 29. Rxd1 Rxa5 30. Ra1 Kd7 31. f3 Kc6 32. Rb2 Rha8 33. Rba2 d5 34. cxd5+
Kxd5 35. Rb1 b5 36. Rb4 Kc5 37. Rab2 bxa4 38. Rc4+ Kd5 39. Ra2 a3 40. Rcc2 Rb5
41. Kh2 Rb3 42. Rd2 Rh8 43. Rac2 Rc3 44. Ra2 Kc5 45. Ra1 Kb4 46. f4 exf4 47.
gxf4 Rb3 48. Raa2 Rb1 49. Rac2 Kb3 50. g5 Rb2 51. Rxb2+ axb2 52. Rxb2+ Kxb2 53.
gxf6 Kc3 0-1

[Event "London Classic Open 2016"]
[Site "London ENG"]
[Date "2016.12.11"]
[Round "4.34"]
[White "Soumya, Swaminathan"]
[Black "Karayiannis, Costas"]
[Result "1/2-1/2"]
[WhiteTitle "WGM"]
[WhiteElo "2384"]
[BlackElo "2159"]
[WhiteFideId "5016193"]
[BlackFideId "405183"]
[EventDate "2016.12.09"]

1. e4 e6 2. d4 d5 3. Nc3 Bb4 4. e5 Ne7 5. Bd2 b6 6. Nb5 Bxd2+ 7. Qxd2 O-O 8. h4
Ba6 9. Rh3 c6 10. Na3 Bxf1 11. Kxf1 c5 12. c3 Nbc6 13. Ne2 Qd7 14. Kg1 cxd4 15.
cxd4 Rac8 16. h5 f6 17. exf6 Rxf6 18. Nc2 Rcf8 19. Rf1 e5 20. dxe5 Nxe5 21. Ncd4
Nc4 22. Qc1 Nf5 23. b3 Ncd6 24. Qc6 Qf7 25. Nf3 Ne4 26. Qc2 Ne7 27. Ned4 Nf5 28.
Ne2 Ne7 29. Ned4 Nf5 30. Ne2 1/2-1/2